| 000 | 00589nam a2200205Ia 4500 | ||
|---|---|---|---|
| 003 | OSt | ||
| 005 | 20230413113438.0 | ||
| 008 | 210423s2003 xx 000 0 und d | ||
| 020 | _a8170338018 | ||
| 040 | _cAL | ||
| 041 | _aeng | ||
| 082 |
_a820.9358 _223 _bSHAM |
||
| 100 |
_aSHARMA (Meenakshi). _987838 |
||
| 245 | _aPostcolonial Indian writing: between co-option and resistance. | ||
| 260 |
_aNew Delhi _bRawat Publications _c2003 |
||
| 300 |
_a341 _bHB |
||
| 365 |
_b650 _cINR |
||
| 906 | _abetween ; co-option ; Indian ; Postcolonial ; resistance. ; writing: | ||
| 942 |
_2ddc _cBK |
||
| 999 |
_c157385 _d157385 |
||